000 00616nam a2200217 u 4500
005 20240925065618.0
008 140129m19631999mx r 000 0 spa d
020 _a9684030401 (10 dígitos)
020 _a9789684030404 (13 dígitos)
035 _aUPN01000195410
049 _aCG
050 4 _aHM585
_bN6.3
100 1 _aNodarse, José J.
_935088
245 1 0 _aElementos de sociología /
_cJosé J. Nodarse.
260 _aMéxico :
_bSelector,
_cc1963 (1999 impr.).
300 _a354 p. :
_bil.
650 4 _aSociología
_95756
650 2 _aEstructura social
_912059
905 _aLibro
999 _c167511
_d167511